| 000 | 00784nam a2200217#a 4500 | ||
|---|---|---|---|
| 001 | 00744 | ||
| 003 | HDC | ||
| 007 | ta | ||
| 008 | 230623s2007 xx 000 0 eng d | ||
| 040 | _aHDC | ||
| 050 |
_aMATRADE BP 184.98 _b .M35 2007 |
||
| 110 | _aMalaysian External Trade Development Corporation | ||
| 245 | 4 |
_aThe 4th malaysia international halal showcase, 9-13 May 2007, 10.00am-7.00pm, Matrade Exhibition & Convention Centre, Kuala Lumpur, Malaysia / _cMalaysian External Trade Development Corporation |
|
| 264 |
_aKuala Lumpur : _bMalaysian International Chamber of Commerce & Industry, _c2007 |
||
| 300 |
_avarious paging. ; _c 20cm |
||
| 650 |
_aHalal food industry _vDirectories |
||
| 942 | _2lcc | ||
| 942 | _cBK | ||
| 942 | _kMATRADE BP 184.98 | ||
| 942 | _m .M35 2007 | ||
| 999 |
_c22359 _d22359 |
||